[Event "Guernsey Open"]
[Site "Guernsey GCI"]
[Date "2007.10.25"]
[Round "5"]
[White "Burton, Ron"]
[Black "Walker, Sam"]
[Result "1/2-1/2"]
[WhiteElo "2052"]
[BlackElo "1945"]
[PlyCount "44"]
[EventDate "2006.10.15"]
[SourceDate "2006.10.28"]

1. d4 Nf6 2. Nf3 g6 3. Nc3 d5 4. Bf4 Bg7 5. e3 O-O 6. Be2 c5 7. Ne5 Nc6 8. h4
Qa5 9. Nxc6 bxc6 10. Qd2 Rd8 11. h5 cxd4 12. exd4 c5 13. hxg6 fxg6 14. Be5 cxd4
15. Qxd4 Qb6 16. Qxb6 axb6 17. O-O-O Ba6 18. Bf3 e6 19. Bc7 Rdc8 20. Bxb6 Bc4
21. a3 Nd7 22. Bd4 e5 1/2-1/2

[Event "Guernsey Open"]
[Site "Guernsey GCI"]
[Date "2007.10.25"]
[Round "5"]
[White "Downey, Keith A"]
[Black "Fassaert, DJM."]
[Result "1/2-1/2"]
[WhiteElo "1879"]
[BlackElo "2009"]
[PlyCount "41"]
[EventDate "2006.10.15"]
[SourceDate "2006.10.28"]

1. c4 c5 2. Nf3 Nc6 3. Nc3 g6 4. e3 Nf6 5. d4 cxd4 6. Nxd4 Bg7 7. Be2 O-O 8.
O-O b6 9. Nc2 Bb7 10. e4 Rc8 11. f3 d6 12. Be3 Qc7 13. Qd2 a6 14. Rac1 Ne5 15.
Na3 Ned7 16. Nab1 Qb8 17. b3 Bc6 18. a4 Nc5 19. Qa2 a5 20. Rfd1 Rfd8 21. Na3
1/2-1/2

[Event "Guernsey Open"]
[Site "Guernsey GCI"]
[Date "2007.10.25"]
[Round "5"]
[White "Tunstall, George"]
[Black "Hickman, John"]
[Result "1/2-1/2"]
[WhiteElo "1895"]
[BlackElo "2002"]
[PlyCount "47"]
[EventDate "2006.10.15"]
[SourceDate "2006.10.28"]

1. d4 d6 2. c4 e5 3. d5 f5 4. Nc3 Nf6 5. Bg5 Be7 6. Bxf6 Bxf6 7. e4 O-O 8. Bd3
Bg5 9. Qc2 Na6 10. Nge2 g6 11. a3 Bh6 12. h4 Nc5 13. Ng3 a5 14. a4 Qe7 15. h5
Qg5 16. hxg6 hxg6 17. exf5 Nxd3+ 18. Qxd3 gxf5 19. Rh5 Qf6 20. Kd1 Bd7 21. Kc2
Bg7 22. Rah1 e4 23. Qd2 Qd4 24. Rh7 1/2-1/2

[Event "Guernsey Open"]
[Site "Guernsey GCI"]
[Date "2007.10.25"]
[Round "5"]
[White "Lazarus, Sam"]
[Black "Guttridge, David"]
[Result "0-1"]
[WhiteElo "1855"]
[BlackElo "2001"]
[PlyCount "44"]
[EventDate "2006.10.15"]
[SourceDate "2006.10.28"]

1. e4 e6 2. d4 d5 3. exd5 exd5 4. Bd3 Bd6 5. Nf3 Bg4 6. O-O Ne7 7. c3 O-O 8.
Bxh7+ Kh8 9. Bd3 Nd7 10. Bg5 f6 11. Bh4 g5 12. Bg3 Bxg3 13. fxg3 Kg7 14. Nbd2
Nf5 15. Bxf5 Bxf5 16. Nh4 Bh7 17. Nf5+ Bxf5 18. Rxf5 Qe7 19. Rxd5 Qe3+ 20. Kh1
Nb6 21. Rf5 Rh8 22. Rf3 Rxh2+ 0-1

[Event "Guernsey Open"]
[Site "Guernsey GCI"]
[Date "2007.10.25"]
[Round "5"]
[White "Forbes, Garry"]
[Black "Morcom, Huw C"]
[Result "1/2-1/2"]
[WhiteElo "1634"]
[BlackElo "1978"]
[PlyCount "30"]
[EventDate "2006.10.15"]
[SourceDate "2006.10.28"]

1. d4 c5 2. d5 e5 3. e4 d6 4. Bb5+ Nd7 5. a4 a6 6. Bc4 g6 7. Nc3 Bg7 8. Nf3 Ne7
9. h4 Nb6 10. Be2 Bg4 11. Ng5 Bxe2 12. Qxe2 h6 13. Nh3 Nd7 14. h5 g5 15. g4 Ng8
1/2-1/2

[Event "Guernsey Open"]
[Site "Guernsey GCI"]
[Date "2007.10.25"]
[Round "5"]
[White "Reutimann, Hans Peter"]
[Black "Van Ingen, Ton"]
[Result "1/2-1/2"]
[WhiteElo "1787"]
[BlackElo "1970"]
[PlyCount "49"]
[EventDate "2006.10.15"]
[SourceDate "2006.10.28"]

1. d4 Nf6 2. Nf3 e6 3. Bf4 d5 4. e3 c5 5. c3 Nc6 6. Nbd2 Bd6 7. Ne5 O-O 8. Bd3
Bxe5 9. dxe5 Nd7 10. Nf3 f6 11. exf6 Nxf6 12. O-O Qe7 13. Ne5 Nxe5 14. Bxe5 b6
15. Qe2 Nd7 16. Bg3 e5 17. Bb5 Qe6 18. e4 Bb7 19. exd5 Bxd5 20. Bxd7 Qxd7 21.
Qxe5 Rae8 22. Qc7 Qxc7 23. Bxc7 Re2 24. b3 Rfe8 25. c4 1/2-1/2

[Event "Guernsey Open"]
[Site "Guernsey GCI"]
[Date "2007.10.25"]
[Round "5"]
[White "Brookfield, Toby"]
[Black "Gravett, Alan D"]
[Result "1-0"]
[WhiteElo "1709"]
[BlackElo "1961"]
[PlyCount "27"]
[EventDate "2006.10.15"]
[SourceDate "2006.10.28"]

1. e4 c5 2. Nf3 d6 3. d4 cxd4 4. Nxd4 Nf6 5. Nc3 a6 6. f4 e6 7. Qf3 Qc7 8. g4
Nc6 9. Nb3 g5 10. fxg5 Ne5 11. Qxf6 Rg8 12. Be2 b5 13. a3 Bb7 14. Qf2 1-0

[Event "Guernsey Open"]
[Site "Guernsey GCI"]
[Date "2007.10.25"]
[Round "5"]
[White "Cummins, John"]
[Black "Jamieson, Ian"]
[Result "0-1"]
[WhiteElo "1935"]
[BlackElo "2014"]
[PlyCount "128"]
[EventDate "2006.10.15"]
[SourceDate "2006.10.28"]

1. e4 e6 2. b3 b6 3. Bb2 Bb7 4. Nc3 Nf6 5. d3 d5 6. exd5 Nxd5 7. Nxd5 Qxd5 8.
Qg4 Qa5+ 9. c3 Nd7 10. Nf3 h5 11. Qa4 Qxa4 12. bxa4 Bc6 13. a5 bxa5 14. Be2 Rb8
15. Bc1 e5 16. O-O Be7 17. Re1 O-O 18. Bd1 Bf6 19. Bg5 e4 20. Bxf6 Nxf6 21. Ne5
Rb6 22. d4 a4 23. Nxc6 Rxc6 24. Bxa4 Rxc3 25. Rac1 Rxc1 26. Rxc1 Rd8 27. Bb3
Nd5 28. g3 Rd7 29. Ba4 Re7 30. Bc6 Nb4 31. a3 Nxc6 32. Rxc6 Rd7 33. Rc4 Kf8 34.
Kf1 Ke7 35. Ke2 Kd6 36. Ke3 Re7 37. Ra4 c6 38. Rb4 c5 39. Ra4 cxd4+ 40. Kxd4
Kc6 41. Rb4 g6 42. a4 f5 43. Rb2 e3 44. fxe3 Re4+ 45. Kd3 Rxa4 46. h4 Rg4 47.
Rg2 a5 48. Kc3 Re4 49. Kd3 Re8 50. Rc2+ Kd5 51. Rc7 Ra8 52. Rc4 a4 53. Rd4+ Ke5
54. Kc2 a3 55. Kb1 a2+ 56. Ka1 Ra3 57. Rd8 Rxe3 58. Kxa2 Rxg3 59. Re8+ Kf4 60.
Re6 Rg4 61. Kb2 Kg3 62. Kc2 Kxh4 63. Kd2 Kg3 64. Ke2 Re4+ 0-1

[Event "Guernsey Open"]
[Site "Guernsey GCI"]
[Date "2007.10.25"]
[Round "5"]
[White "Goman, Colin"]
[Black "Heath, Jeffrey"]
[Result "1/2-1/2"]
[WhiteElo "1885"]
[BlackElo "1930"]
[PlyCount "95"]
[EventDate "2006.10.15"]
[SourceDate "2006.10.28"]

1. d4 Nf6 2. Nf3 g6 3. c3 Bg7 4. Nbd2 d6 5. e4 Nbd7 6. Bd3 c5 7. O-O O-O 8. Re1
Qc7 9. Nf1 a6 10. Ng3 b5 11. Bg5 e5 12. d5 c4 13. Bc2 h6 14. Be3 Ng4 15. Nh4
Nxe3 16. Rxe3 Qd8 17. Nf3 h5 18. a4 Rb8 19. axb5 axb5 20. b3 Bh6 21. Re2 Nf6
22. bxc4 bxc4 23. Ra4 Nh7 24. Rxc4 Ba6 25. Rc6 Bb5 26. Ba4 Bxe2 27. Nxe2 Rb6
28. c4 Rxc6 29. Bxc6 Qb6 30. Nc3 Rb8 31. Bb5 Nf6 32. h3 Qa7 33. Qc2 Nd7 34.
Bxd7 Qxd7 35. Nb5 Ra8 36. Qb2 Ra4 37. Qc2 Ra1+ 38. Kh2 Ra6 39. Ne1 Bg5 40. Nd3
Bd8 41. Qb3 Rb6 42. Qa3 Be7 43. Nb4 Qb7 44. Qe3 Kg7 45. Nc6 Rxc6 46. dxc6 Qxc6
47. Qd3 Qc5 48. f3 1/2-1/2

[Event "Guernsey Open"]
[Site "Guernsey GCI"]
[Date "2007.10.25"]
[Round "5"]
[White "Nicholson, J."]
[Black "Ryan, Julian"]
[Result "1/2-1/2"]
[WhiteElo "1910"]
[BlackElo "1885"]
[PlyCount "27"]
[EventDate "2006.10.15"]
[SourceDate "2006.10.28"]

1. e4 e5 2. Nf3 Nc6 3. Bb5 a6 4. Ba4 Nf6 5. d3 b5 6. Bb3 Be7 7. c3 d6 8. h3 O-O
9. O-O Na5 10. Bc2 c5 11. d4 Qc7 12. Nbd2 Rd8 13. d5 Nd7 14. b3 1/2-1/2

[Event "Guernsey Open"]
[Site "Guernsey GCI"]
[Date "2007.10.26"]
[Round "6"]
[White "Hillarp Persson, Tiger"]
[Black "Epishin, Vladimir"]
[Result "1/2-1/2"]
[WhiteElo "2567"]
[BlackElo "2578"]
[PlyCount "41"]
[EventDate "2006.10.15"]
[SourceDate "2006.10.28"]

1. e4 d5 2. exd5 Qxd5 3. Nf3 Nf6 4. d4 Bg4 5. Be2 c6 6. c4 Qd6 7. Qb3 Qc7 8.
Nc3 Nbd7 9. Be3 e6 10. h3 Bxf3 11. Bxf3 Be7 12. g4 e5 13. dxe5 Nxe5 14. Be2 O-O
15. O-O-O Rfe8 16. Kb1 Bf8 17. Qc2 b6 18. g5 Nfd7 19. f4 Ng6 20. Bc1 Nc5 21. f5
1/2-1/2

[Event "Guernsey Open"]
[Site "Guernsey GCI"]
[Date "2007.10.26"]
[Round "6"]
[White "Reijneveld, Ad"]
[Black "Bellin, Robert"]
[Result "1/2-1/2"]
[WhiteElo "2175"]
[BlackElo "2400"]
[PlyCount "34"]
[EventDate "2006.10.15"]
[SourceDate "2006.10.28"]

1. e4 c5 2. Nf3 d6 3. d4 cxd4 4. Nxd4 Nf6 5. Nc3 Nc6 6. Be2 e5 7. Nb3 Be7 8.
O-O O-O 9. Kh1 a5 10. a4 Nb4 11. f4 Bd7 12. Be3 Bc6 13. Bf3 Qc7 14. Qd2 b6 15.
Rad1 Rfd8 16. Qf2 Rab8 17. Rfe1 Nd7 1/2-1/2

[Event "Guernsey Open"]
[Site "Guernsey GCI"]
[Date "2007.10.26"]
[Round "6"]
[White "Ravikumar, Vaidyanathan"]
[Black "Van der Linde, M."]
[Result "1/2-1/2"]
[WhiteElo "2350"]
[BlackElo "2192"]
[PlyCount "59"]
[EventDate "2006.10.15"]
[SourceDate "2006.10.28"]

1. Nf3 Nf6 2. b3 g6 3. Bb2 Bg7 4. c4 O-O 5. g3 c5 6. Bg2 d5 7. O-O Nc6 8. cxd5
Nxd5 9. Bxg7 Kxg7 10. Qc2 Qd6 11. Nc3 Bf5 12. Ne4 Bxe4 13. Qxe4 Nf6 14. Qc2
Rad8 15. Qb2 b6 16. Rac1 Nd4 17. d3 Nxf3+ 18. Bxf3 e5 19. Rc4 Rfe8 20. Rfc1 Nd7
21. a3 Nf8 22. b4 Ne6 23. Bg4 f5 24. Bh3 Kg8 25. Bg2 Re7 26. Bf3 Rf8 27. bxc5
bxc5 28. Rb1 f4 29. Bg2 h5 30. Qa2 1/2-1/2

[Event "Guernsey Open"]
[Site "Guernsey GCI"]
[Date "2007.10.26"]
[Round "6"]
[White "Broek, Thomas"]
[Black "Van Onzen, Jeroen"]
[Result "1/2-1/2"]
[WhiteElo "2202"]
[BlackElo "1988"]
[PlyCount "77"]
[EventDate "2006.10.15"]
[SourceDate "2006.10.28"]

1. e4 e5 2. Nf3 Nc6 3. Bc4 Bc5 4. b4 Bxb4 5. c3 Ba5 6. d4 exd4 7. O-O Nf6 8. e5
d5 9. Bb5 Ne4 10. Qa4 Bxc3 11. Bxc6+ bxc6 12. Nxc3 Nxc3 13. Qxc6+ Bd7 14. Qc5
Qe7 15. Qxe7+ Kxe7 16. Nxd4 Nb5 17. Nb3 Rab8 18. Be3 d4 19. Nxd4 Nxd4 20. Bxd4
Rb7 21. Rfc1 Rd8 22. h3 g6 23. Rc3 Be6 24. Be3 Rd5 25. Rac1 Kd7 26. a3 Ra5 27.
Rd1+ Bd5 28. Bc5 c6 29. Bb4 Rab5 30. Rf3 Ke8 31. Rf4 a5 32. Bd6 Rb1 33. Rxb1
Rxb1+ 34. Kh2 Kd7 35. Ra4 Rb5 36. Rd4 Ke6 37. Bc7 Kd7 38. Bd6 Ke6 39. Bc7
1/2-1/2

[Event "Guernsey Open"]
[Site "Guernsey GCI"]
[Date "2007.10.26"]
[Round "6"]
[White "Kamps, JW."]
[Black "Heppell, Ian N"]
[Result "1/2-1/2"]
[WhiteElo "2077"]
[BlackElo "2150"]
[PlyCount "43"]
[EventDate "2006.10.15"]
[SourceDate "2006.10.28"]

1. e4 e5 2. Nf3 d6 3. d4 exd4 4. Nxd4 Nf6 5. Nc3 Be7 6. Be2 O-O 7. O-O c5 8.
Nb3 Nc6 9. f4 Be6 10. f5 Bd7 11. Bg5 Re8 12. Qd2 a5 13. a4 Nb4 14. Bf3 Bc6 15.
Rad1 Qb6 16. Qf2 Rad8 17. Nd2 d5 18. exd5 Nbxd5 19. Nc4 Qc7 20. Nxd5 Bxd5 21.
Bxd5 Nxd5 22. Bxe7 1/2-1/2

[Event "Guernsey Open"]
[Site "Guernsey GCI"]
[Date "2007.10.26"]
[Round "6"]
[White "Franklin, Sam"]
[Black "Lewyk, Ivor"]
[Result "1/2-1/2"]
[WhiteElo "1917"]
[BlackElo "2105"]
[PlyCount "108"]
[EventDate "2006.10.15"]
[SourceDate "2006.10.28"]

1. c4 c5 2. Nc3 g6 3. g3 Bg7 4. Bg2 Nc6 5. a3 e5 6. b4 d6 7. e3 Nf6 8. Nge2 O-O
9. Rb1 cxb4 10. axb4 Bf5 11. e4 Be6 12. d3 Qd7 13. O-O Nh5 14. Nd5 b6 15. f3
Ne7 16. g4 Nf6 17. Bg5 Bxd5 18. cxd5 h6 19. Be3 Rfc8 20. Qd2 Kh7 21. b5 Rc7 22.
d4 Ne8 23. Rfc1 Rac8 24. Rxc7 Rxc7 25. Bf1 g5 26. Nc3 Ng6 27. Na2 Qc8 28. Nb4
exd4 29. Bxd4 Bxd4+ 30. Qxd4 Ne5 31. Rb3 Ng7 32. Nc6 f6 33. Be2 h5 34. h3 Kg6
35. Kg2 Kf7 36. Qb4 Qd7 37. Rc3 Ng6 38. Bf1 hxg4 39. hxg4 Nf4+ 40. Kg3 Kg6 41.
Qc4 Ne8 42. Rc2 Qf7 43. Qd4 Qh7 44. Rh2 Qg8 45. Qg1 Rh7 46. Qh1 Rxh2 47. Qxh2
Qg7 48. Nd4 Qh7 49. Qxh7+ Kxh7 50. Nc6 Ng6 51. Nxa7 Ne7 52. Kf2 Kg7 53. Ke3 Kf7
54. Bc4 Nc7 1/2-1/2

[Event "Guernsey Open"]
[Site "Guernsey GCI"]
[Date "2007.10.26"]
[Round "6"]
[White "Twitchell, David"]
[Black "Von Saldern, Ruediger"]
[Result "0-1"]
[WhiteElo "1982"]
[BlackElo "2048"]
[PlyCount "168"]
[EventDate "2006.10.15"]
[SourceDate "2006.10.28"]

1. e4 e5 2. Nf3 Nc6 3. Bc4 Bc5 4. d3 d6 5. h3 Be6 6. Bxe6 fxe6 7. O-O Nf6 8.
Nc3 O-O 9. Na4 Bb6 10. Nxb6 axb6 11. Qe2 h6 12. Bd2 Kh7 13. c3 Qe8 14. d4 exd4
15. cxd4 e5 16. d5 Ne7 17. Rfc1 c5 18. dxc6 bxc6 19. a3 Qg6 20. Re1 c5 21. Nh4
Qf7 22. Rad1 Ra4 23. f3 Qc4 24. Qxc4 Rxc4 25. Bc3 Ne8 26. Re3 Ra4 27. g4 g6 28.
Ng2 Nc6 29. Ne1 Nd4 30. Bxd4 exd4 31. Rb3 Ra6 32. Kf2 Nc7 33. a4 g5 34. Ra1 b5
35. a5 b4 36. Rd3 Ne6 37. Rdd1 Rfa8 38. Nd3 Rxa5 39. Rxa5 Rxa5 40. e5 d5 41.
Kg3 Kg7 42. h4 Rb5 43. Ra1 gxh4+ 44. Kxh4 c4 45. Ne1 d3 46. Nxd3 cxd3 47. Rd1
Nc5 48. f4 b3 49. Kg3 Rb4 50. Kf3 Rc4 51. f5 Re4 52. e6 Kf6 53. Rh1 d2 54. Rd1
Rd4 55. Ke3 Rd3+ 56. Ke2 Rg3 57. Rxd2 Rg2+ 58. Ke1 Rxd2 59. Kxd2 d4 60. Ke2
Nxe6 61. Kd3 Nc5+ 62. Kxd4 Na4 63. Kc4 Nxb2+ 64. Kxb3 Nd1 65. Kc4 Ne3+ 66. Kd4
Nxg4 67. Ke4 Kg5 68. Kf3 Kxf5 69. Kg3 Kg5 70. Kh3 Nf6 71. Kg3 Ne4+ 72. Kh3 h5
73. Kg2 Kg4 74. Kh2 Ng5 75. Kg2 Nf3 76. Kh1 Ne1 77. Kh2 Nd3 78. Kg2 Nf4+ 79.
Kh2 Kf3 80. Kg1 Kg3 81. Kh1 Nd3 82. Kg1 Nf2 83. Kf1 h4 84. Kg1 h3 0-1

[Event "Guernsey Open"]
[Site "Guernsey GCI"]
[Date "2007.10.26"]
[Round "6"]
[White "Bolt, Graham"]
[Black "Ippel, Cornelius J"]
[Result "1-0"]
[WhiteElo "2097"]
[BlackElo "2042"]
[PlyCount "135"]
[EventDate "2006.10.15"]
[SourceDate "2006.10.28"]

1. e4 e6 2. d4 d5 3. Nc3 Bb4 4. e5 c5 5. a3 Ba5 6. Bd2 cxd4 7. Nb5 Bc7 8. f4
Nc6 9. Nf3 Bd7 10. Bd3 Nge7 11. Nbxd4 Nxd4 12. Nxd4 Nc6 13. c3 a6 14. Qe2 Bb6
15. Be3 Rc8 16. Qf2 Nxd4 17. Bxd4 Bxd4 18. Qxd4 Bc6 19. O-O g6 20. Rae1 Qd7 21.
f5 gxf5 22. Bxf5 Bb5 23. Bd3 Bxd3 24. Qxd3 Rc4 25. h3 Qe7 26. Rf6 Rc7 27. Qg3
Qf8 28. Ref1 Rg8 29. Qf3 Qg7 30. Rf2 Rf8 31. Kh2 Rc4 32. Qe3 Rg8 33. Qf3 Rc7
34. b3 Qf8 35. c4 dxc4 36. bxc4 Rg6 37. Rf4 Qg7 38. Qe3 Rg5 39. Re4 h5 40. Re2
Rd7 41. c5 Rf5 42. c6 bxc6 43. Rb2 Qg5 44. Qc5 Rd8 45. Rb3 Qg6 46. h4 f6 47.
Qxc6+ Kf8 48. Qc5+ Kg8 49. Rg3 Rg5 50. hxg5 Qxe4 51. gxf6+ Kh8 52. Qc1 h4 53.
Qh6+ Qh7 54. Qxh7+ Kxh7 55. Rg4 Kh6 56. Rxh4+ Kg5 57. Ra4 Rd5 58. Re4 Kg6 59.
Re3 Kf7 60. g4 a5 61. Kg3 Rd7 62. g5 Kg6 63. Rf3 Rd8 64. Kg4 Kf7 65. Rf4 Kg6
66. f7 Kg7 67. Rf6 Kf8 68. g6 1-0

[Event "Guernsey Open"]
[Site "Guernsey GCI"]
[Date "2007.10.26"]
[Round "6"]
[White "Prins, Jan"]
[Black "Bucher, Grant"]
[Result "1-0"]
[WhiteElo "2090"]
[BlackElo "1904"]
[PlyCount "153"]
[EventDate "2006.10.15"]
[SourceDate "2006.10.28"]

1. d4 Nf6 2. Nf3 g6 3. c4 Bg7 4. Nc3 d5 5. e3 O-O 6. b3 c5 7. Be2 Nc6 8. O-O
Ne4 9. Bb2 Nxc3 10. Bxc3 dxc4 11. bxc4 Bg4 12. Qb3 cxd4 13. exd4 Bxf3 14. Bxf3
Nxd4 15. Bxd4 Qxd4 16. Rad1 Qb6 17. Rd7 e6 18. Rfd1 Rac8 19. Rxb7 Qc5 20. Be2
Rc7 21. Rb5 Qe7 {(=)} 22. a4 Rfc8 23. a5 Rd7 24. Rxd7 Qxd7 25. Qf3 Qd4 26. g3
Qd7 27. c5 Bd4 28. Rb7 Rc7 29. Bb5 Qe7 30. c6 Qd6 31. Qe4 Bf6 32. Qe3 Bd4 33.
Qxd4 Qxd4 34. Rxc7 Qd1+ 35. Bf1 Qc2 36. a6 Qc5 37. Rb7 Qxc6 38. Rxa7 Kg7 39.
Rb7 Qd5 {(=)} 40. h3 Qc6 41. Kh2 h5 42. h4 Kf6 43. Ra7 e5 44. Rb7 e4 45. Rb4
Qc5 46. Rxe4 Qxf2+ 47. Bg2 Qa7 48. Rf4+ Kg7 49. Bf1 Qb6 50. Bc4 f6 51. Bf1 Qb2+
52. Kg1 Qb6+ 53. Rf2 Qe3 54. Kg2 Qe4+ 55. Kh2 Qa4 {(=)} 56. Re2 Qd7 57. Rb2 Kh6
58. Rb7 Qc6 59. Rf7 Qe6 60. a7 Qxf7 61. a8=Q Qg7 62. Qd8 g5 63. Qd2 Qg6 64. Bd3
Qg7 65. Bf5 Qe7 66. Bc2 Qg7 67. hxg5+ Qxg5 68. Qd3 Qg7 69. Qf5 h4 70. g4 Qc7+
71. Kh1 Qb7+ 72. Qe4 Qf7 73. Kg2 Qg7 74. Kh3 Qf7 75. Bd3 Qg7 76. Qe8 Kg5 77.
Qe3# 1-0

[Event "Guernsey Open"]
[Site "Guernsey GCI"]
[Date "2007.10.26"]
[Round "6"]
[White "Taylor, Mark V"]
[Black "Williams, Peter A"]
[Result "1/2-1/2"]
[WhiteElo "2150"]
[BlackElo "1816"]
[PlyCount "74"]
[EventDate "2006.10.15"]
[SourceDate "2006.10.28"]

1. d4 d5 2. Nc3 Nf6 3. Bg5 Bf5 4. e3 e6 5. Bd3 Bxd3 6. cxd3 Nbd7 7. f4 c5 8.
dxc5 Bxc5 9. d4 Be7 10. Nf3 Rc8 11. O-O O-O 12. Qe2 Nb6 13. Ne5 Nc4 14. Rac1
Nd7 15. Nxd7 Qxd7 16. Bxe7 Qxe7 17. b3 Nd6 18. Nb5 a6 19. Nxd6 Qxd6 20. Qd2
Rfe8 21. Rc3 h6 22. Rfc1 Qd7 23. Qc2 Rxc3 24. Qxc3 Rd8 25. Qc5 Re8 26. a4 f6
27. Qc7 Re7 28. Qb8+ Kf7 29. Rc8 e5 30. dxe5 fxe5 31. fxe5 Qe6 32. Rf8+ Kg6 33.
Qd6 Qxd6 34. exd6 Rd7 35. Rb8 Kf6 36. Kf2 Ke6 37. Ke2 Kxd6 1/2-1/2

[Event "Guernsey Open"]
[Site "Guernsey GCI"]
[Date "2007.10.26"]
[Round "6"]
[White "Minnican, Alan William"]
[Black "Adair, James"]
[Result "0-1"]
[WhiteElo "2110"]
[BlackElo "2044"]
[PlyCount "96"]
[EventDate "2006.10.15"]
[SourceDate "2006.10.28"]

1. Nc3 c5 2. e4 Nc6 3. f4 g6 4. Nf3 Bg7 5. Bb5 Nd4 6. O-O e6 7. d3 Ne7 8. a4
O-O 9. e5 d5 10. exd6 Qxd6 11. Ne4 Qc7 12. Bc4 b6 13. c3 Nxf3+ 14. Qxf3 Bb7 15.
Qh3 Nf5 16. Bd2 Rad8 17. Rae1 Bxe4 18. Rxe4 Nd6 19. Re2 Nxc4 20. dxc4 Qd7 21.
a5 Qa4 22. axb6 Qxc4 23. Qf3 axb6 24. Be1 Bf6 25. Qe4 Qxe4 26. Rxe4 Rd1 27. b4
cxb4 28. Rxb4 Rxe1 29. Rxe1 Bxc3 30. Reb1 Bxb4 31. Rxb4 Rb8 32. Rb5 Kf8 33. Kf2
Ke7 34. Ke3 Kd6 35. Kd4 Kc6 36. Rb2 Rd8+ 37. Kc4 Rd5 38. Ra2 b5+ 39. Kc3 Rd7
40. g3 Kc5 41. Ra8 Rb7 42. Rd8 h5 43. Kb3 Re7 44. Rc8+ Kd4 45. Kb4 Rb7 46. Rc5
Ke3 47. Rg5 Kf3 48. h3 Rd7 0-1

[Event "Guernsey Open"]
[Site "Guernsey GCI"]
[Date "2007.10.26"]
[Round "6"]
[White "Goris, AA."]
[Black "Westerkamp, Bert"]
[Result "1/2-1/2"]
[WhiteElo "2056"]
[BlackElo "2093"]
[PlyCount "43"]
[EventDate "2006.10.15"]
[SourceDate "2006.10.28"]

1. e4 e5 2. Nf3 Nc6 3. d4 exd4 4. c3 d5 5. exd5 Qxd5 6. cxd4 Nf6 7. Nc3 Bb4 8.
Bd2 Bxc3 9. bxc3 O-O 10. Be2 Bg4 11. O-O Rfe8 12. h3 Bh5 13. Re1 Rad8 14. c4
Qd7 15. d5 Bxf3 16. Bxf3 Nd4 17. Be3 Nxf3+ 18. Qxf3 b6 19. Bd4 Rxe1+ 20. Rxe1
Re8 21. Rxe8+ Nxe8 22. Qa3 1/2-1/2

[Event "Guernsey Open"]
[Site "Guernsey GCI"]
[Date "2007.10.26"]
[Round "6"]
[White "Robinson, Tom"]
[Black "Kirby, Peter J"]
[Result "1/2-1/2"]
[WhiteElo "2090"]
[BlackElo "2055"]
[PlyCount "70"]
[EventDate "2006.10.15"]
[SourceDate "2006.10.28"]

1. e4 c5 2. Nc3 Nc6 3. f4 e6 4. Nf3 g6 5. g3 Bg7 6. Bg2 Nge7 7. O-O O-O 8. a3
d5 9. d3 b6 10. e5 Nf5 11. Ne2 Bb7 12. c3 a5 13. d4 Ba6 14. Re1 Bxe2 15. Rxe2
a4 16. g4 Nfe7 17. Be3 c4 18. Kh1 f5 19. h3 Qd7 {(=)} 20. Qc2 Kf7 21. Ng5+ Kg8
22. Rg1 h6 23. Nf3 Kf7 24. Nh4 Rg8 25. Bf3 Bh8 26. Reg2 b5 27. Bc1 Rg7 28. Qe2
Rag8 29. Be3 Kf8 30. g5 h5 31. Rh2 Rh7 32. Nxg6+ Nxg6 33. Bxh5 Nce7 34. h4 Qe8
35. Qd1 Bg7 1/2-1/2

[Event "Guernsey Open"]
[Site "Guernsey GCI"]
[Date "2007.10.26"]
[Round "6"]
[White "Dijksterhuis, Rolf"]
[Black "Spanton, Timothy R"]
[Result "0-1"]
[WhiteElo "2076"]
[BlackElo "1985"]
[PlyCount "92"]
[EventDate "2006.10.15"]
[SourceDate "2006.10.28"]

1. e4 c5 2. Nf3 g6 3. d4 cxd4 4. Nxd4 Nc6 5. Be3 Nf6 6. Nc3 Bg7 7. Bc4 O-O 8.
f3 Qb6 9. Bb3 Nxe4 10. Nd5 Qa5+ 11. c3 Nc5 12. Nxc6 dxc6 13. Nxe7+ Kh8 14. Nxc8
Raxc8 15. O-O Rcd8 16. Qc2 Rfe8 17. Rfe1 Rxe3 18. Rxe3 Nxb3 19. Qxb3 Qc5 20.
Rae1 Bh6 21. c4 Re8 22. Kf2 Rxe3 23. Rxe3 Bxe3+ 24. Qxe3 Qxc4 25. Qe5+ Kg8 26.
g4 Qxa2 27. Qb8+ Kg7 28. Qxb7 Qa4 29. Kg3 Qb5 30. Qxa7 Qxb2 31. Qc5 Qf6 32. h4
h6 33. g5 hxg5 34. hxg5 Qe6 35. Qd4+ Kg8 36. Qd8+ Kh7 37. Qd4 Qf5 38. f4 Qe6
39. Kf3 Qe7 40. Qe4 Qa3+ 41. Kg4 Qd6 42. Kf3 Kg7 43. Qc4 Kf8 44. Qc3 Qd5+ 45.
Ke3 Qe6+ 46. Kf3 Qh3+ 0-1

[Event "Guernsey Open"]
[Site "Guernsey GCI"]
[Date "2007.10.26"]
[Round "6"]
[White "Guttridge, David"]
[Black "Pickersgill, Adrian"]
[Result "1/2-1/2"]
[WhiteElo "2001"]
[BlackElo "2088"]
[PlyCount "43"]
[EventDate "2006.10.15"]
[SourceDate "2006.10.28"]

1. e4 d5 2. exd5 Qxd5 3. Nc3 Qa5 4. Bc4 Nf6 5. d3 c6 6. Bd2 Bg4 7. f3 Bf5 8.
Nd5 Qd8 9. Nxf6+ exf6 10. Qe2+ Be7 11. Bb4 Nd7 12. Bxe7 Qxe7 13. O-O-O Qxe2 14.
Nxe2 Be6 15. Bxe6 fxe6 16. Nd4 Kf7 17. Rhe1 Rhe8 18. Re2 Rad8 19. Rde1 Nc5 20.
Nb3 Nxb3+ 21. axb3 a6 22. f4 1/2-1/2

[Event "Guernsey Open"]
[Site "Guernsey GCI"]
[Date "2007.10.26"]
[Round "6"]
[White "Khamroev, Ravshah"]
[Black "Glover, John"]
[Result "1-0"]
[WhiteElo "2083"]
[BlackElo "1945"]
[PlyCount "85"]
[EventDate "2006.10.15"]
[SourceDate "2006.10.28"]

1. e4 d5 2. exd5 Qxd5 3. d4 e5 4. dxe5 Qxd1+ 5. Kxd1 Nc6 6. Bb5 Bd7 7. Bxc6
Bxc6 8. Nf3 O-O-O+ 9. Nbd2 Bc5 10. Ke2 h6 11. c4 a6 12. Nb3 Ba7 13. Be3 Bxe3
14. Kxe3 Ne7 15. Nbd4 Rhe8 16. Rad1 Ng6 17. Nxc6 bxc6 18. Rxd8+ Kxd8 19. Kd4
Nf4 20. g3 Ne6+ 21. Kc3 Kc8 22. Rd1 Nc5 23. Rd4 Ne6 24. Re4 c5 25. Re3 c6 26.
Nd2 Kc7 27. f4 g6 28. Ne4 h5 29. Nd6 Re7 30. Ne4 Rd7 31. Rd3 Re7 32. Kd2 Rd7
33. Rxd7+ Kxd7 34. Ke3 Kc7 35. h3 Kb6 36. Nd6 Nd8 37. g4 hxg4 38. hxg4 Ka5 39.
f5 gxf5 40. gxf5 Kb4 41. Nxf7 Nxf7 42. e6 Nd6 43. f6 1-0

[Event "Guernsey Open"]
[Site "Guernsey GCI"]
[Date "2007.10.26"]
[Round "6"]
[White "Dines, Sheila"]
[Black "Hamperl, Fred A"]
[Result "0-1"]
[WhiteElo "1901"]
[BlackElo "2077"]
[PlyCount "80"]
[EventDate "2006.10.15"]
[SourceDate "2006.10.28"]

1. e4 c5 2. Nf3 Nc6 3. d4 cxd4 4. Nxd4 e5 5. Nb5 d6 6. N1c3 a6 7. Na3 b5 8. Nd5
Nce7 9. c4 Nxd5 10. cxd5 f5 11. Bd3 f4 12. Bd2 Nf6 13. h3 Be7 14. Qf3 O-O 15.
O-O g5 16. g4 Kf7 17. Qe2 h5 18. f3 hxg4 19. hxg4 Rh8 20. Kg2 Qb6 21. Rh1 Bd7
22. Rxh8 Rxh8 23. Rh1 Rxh1 24. Kxh1 Bd8 25. Kg2 Qc5 26. Qf2 Qxf2+ 27. Kxf2 Bb6+
28. Ke2 Nxg4 29. fxg4 Bxg4+ 30. Kf1 Bh3+ 31. Ke1 g4 32. Bf1 f3 33. Nc2 g3 34.
Be3 Bxe3 35. Nxe3 g2 36. Bxg2 fxg2 37. Kf2 Kg6 38. a4 Kg5 39. axb5 axb5 40. Nd1
b4 0-1

[Event "Guernsey Open"]
[Site "Guernsey GCI"]
[Date "2007.10.26"]
[Round "6"]
[White "Salimbeni, George"]
[Black "Brookfield, Toby"]
[Result "1/2-1/2"]
[WhiteElo "2060"]
[BlackElo "1709"]
[PlyCount "68"]
[EventDate "2006.10.15"]
[SourceDate "2006.10.28"]

1. e4 c5 2. c3 d6 3. d4 Nf6 4. Bd3 cxd4 5. cxd4 g6 6. Nf3 Bg7 7. O-O O-O 8. Nc3
Nc6 9. h3 e5 10. d5 Nd4 11. Nxd4 exd4 12. Nb5 Qb6 13. Na3 Nd7 14. Nc4 Qc7 15.
Bf4 Ne5 16. Rc1 Qe7 17. Bg3 f5 18. exf5 Bxf5 19. Bxf5 Rxf5 20. Re1 Qd7 21. Qb3
Rc8 22. Nxe5 Bxe5 23. Rxc8+ Qxc8 24. Rxe5 dxe5 25. d6+ Kg7 26. Qd5 Qd7 27.
Bxe5+ Kf8 28. Qxd4 a6 29. Bf6 Kf7 30. Be7 Ke6 31. g4 Rd5 32. Qe4+ Re5 33. Qc4+
Rd5 34. Qe4+ Re5 1/2-1/2